Profiling students' document strategy abilities (document strategies) (Record no. 75100)

MARC details
000 -CABECERA
campo de control de longitud fija 00595nam a2200217 a 4500
005 - FECHA Y HORA DE LA ÚLTIMA TRANSACCIÓN
campo de control 20210219153352.0
008 - ELEMENTOS DE LONGITUD FIJA--INFORMACIÓN GENERAL
campo de control de longitud fija 991125n 000 0 u
035 ## - NÚMERO DE CONTROL DEL SISTEMA
Número de control de sistema UPN01000094417
100 ## - ASIENTO PRINCIPAL--NOMBRE PERSONAL
Nombre de persona Mosenthal, Peter B.
222 ## - TÍTULO CLAVE
Título clave JOURNAL OF READING
245 ## - MENCIÓN DE TÍTULO
Título Profiling students' document strategy abilities (document strategies)
300 ## - DESCRIPCIÓN FÍSICA
Extensión 578-583
362 ## - FECHAS DE PUBLICACIÓN Y/O DESIGNACIÓN SECUENCIAL
Fecha de publicación y/o designación secuencial 36, No. 7, 1993
505 ## - NOTA DE CONTENIDO CON FORMATO PREESTABLECIDO
Nota de contenido con formato Agosto 1993
653 0# - TERMINO DE INDIZACION - NO CONTROLADO
Término no controlado DOCUMENTOS
653 0# - TERMINO DE INDIZACION - NO CONTROLADO
Término no controlado ESTRATEGIAS DE LECTURA
653 0# - TERMINO DE INDIZACION - NO CONTROLADO
Término no controlado PROCESOS DE LECTURA
700 ## - ASIENTO SECUNDARIO--NOMBRE DE PERSONAL
Nombre de persona Krish, Irwin S.
904 ## - ELEMENTOS DE DATOS D LOCAL, LDD (RLIN)
a AC
b 032228
905 ## - TIPO DE MATERIAL
Tipo de material Articulo

No items available.